| 000 | 00571nam a2200229Ia 4500 | ||
|---|---|---|---|
| 003 | OSt | ||
| 005 | 20220924132558.0 | ||
| 006 | a|||||r|||| 00| 0 | ||
| 007 | ta | ||
| 008 | 220923b |||||||| |||| 00| 0 hin d | ||
| 024 | _a73516 | ||
| 037 | _cTextual | ||
| 040 |
_aARTS _cARTS _bhin |
||
| 041 |
_2hin _ahin |
||
| 082 | _aR631v, 152J0-;2 | ||
| 100 | _aShastri Udai Vir | ||
| 245 | 0 | _aSankhya darshana ka itihas | |
| 260 | _c1950 | ||
| 650 |
_aYOGA _92333 |
||
| 942 |
_hR631v, 152J0-;2 _cTEXL _2CC |
||
| 999 |
_c430767 _d430767 |
||